| 000 | 00799cab a2200229 4500 | ||
|---|---|---|---|
| 001 | WB3411-62 | ||
| 008 | 090401t1998 xxu||||| |||| 00| 0 eng d | ||
| 035 | _a(Sirsi) u85057 | ||
| 041 | _aeng | ||
| 245 | _aCapital allowances | ||
| 260 | _c1998 | ||
| 350 | _a0 | ||
| 490 |
_aInland Revenue Press Release _v(IR10) 17 March 1998 (£) |
||
| 520 | _aAn extension of enhanced allowances to small and medium-sized businesses for investment in plant and machinery was announced in the Budget. For expenditure following 1 July 1998, the capital allowance will be 40% of the cost in the first year. Details. | ||
| 650 | _aBUDGET 1998 | ||
| 650 | _aCAPITAL ALLOWANCES | ||
| 650 | _aPLANT AND MACHINERY | ||
| 650 | _aSMALL BUSINESSES | ||
| 690 | _aTAXATION | ||
| 942 | _n0 | ||
| 948 | _c19/03/1998 | ||
| 999 |
_c53474 _d53474 |
||